Stand Up Comedians as Voice Actors II Quiz Stats

 Plays Quiz not verified by Sporcle

Score 0/30 Timer 06:00
0 Plays Today
% Correct
Genie
90.2%
Buzz
Lightyear
75.4%
Manny
75.4%
Remy
72.1%
The Man
in the
Yellow Hat
70.5%
Z
68.9%
Larry
Burns
67.2%
Anger
65.6%
Bobby
Zimmeruski
65.6%
King
Julien
62.3%
Max
60.7%
Zazu
60.7%
Joker
55.7%
Yax
54.1%
Robbie
49.2%
% Correct
Speed
47.5%
Gunther
47.5%
Vlad
47.5%
Pointy
Haired
Boss
44.3%
Silas
Ramsbottom
44.3%
Creek
42.6%
Captain
Smek
42.6%
Percy
36.1%
Cheshire
Cat
36.1%
Glumshanks
34.4%
Felix
32.8%
Ice
Cream
Cone
32.8%
The
Conceited
Man
29.5%
Mr.
Witherspoon
29.5%
Rocky
the
Rhino
24.6%

You're not logged in!

Compare scores with friends on all Sporcle quizzes.
OR
Log In

Show Comments

Extras

Top Quizzes Today


Score Distribution

Your Account Isn't Verified!

In order to create a playlist on Sporcle, you need to verify the email address you used during registration. Go to your Sporcle Settings to finish the process.

Report this User

Report this user for behavior that violates our Community Guidelines.

Details: